[Event "Arnold Cup"]
[Site "Gausdal"]
[Date "1987.??.??"]
[Round "?"]
[White "Tisdall, Jonathan D"]
[Black "Rossiter, Philip J"]
[Result "0-1"]
[WhiteElo "2475"]
[BlackElo "2210"]

1.d4 Nf6 2.Nf3 e6 3.c4 Bb4+ 4.Bd2 Qe7 5.g3 Nc6 6.Bg2 Bxd2+ 7.Nbxd2 O-O 8.O-O d6
9.e4 e5 10.d5 Nb8 11.Ne1 a5 12.Nd3 Re8 13.Rc1 Na6 14.a3 c6 15.Re1 cxd5 16.cxd5 Nd7
17.Nc4 Nac5 18.Nxc5 Nxc5 19.Nb6 Rb8 20.b4 axb4 21.axb4 Na6 22.Qa4 Qd8 23.Rc3 Bh3
24.Qa5 Bxg2 25.Kxg2 Qg5 26.Rec1 Qg4 27.f3 Qg5 28.R1c2 f5 29.Qb5 fxe4 30.fxe4 Qg4
31.Qc4 h5 32.Rf3 Rf8 33.Rcf2 Rxf3 34.Rxf3 Qg5 35.Nc8 Qd8 36.Na7 Ra8 37.Nc6 Qe8
38.Na5 Rc8 39.Qb3 Qb5 40.Rc3 Qe2+ 41.Kh3 Rf8 42.Qc4 Qd1 43.Re3 Rf2 44.Qc8+ Kh7
45.Kh4 Rf8 46.Re1 Qf3 47.Qd7 Rf7 48.Qc8 Qf2 49.Rh1 Qg2 50.Re1 Qxh2+  0-1

[Event "POL-ch sf"]
[Site "Gdynia"]
[Date "1987.??.??"]
[Round "3"]
[White "Stempin, Pawel"]
[Black "Latas, Boguslaw"]
[Result "1/2-1/2"]
[WhiteElo "2415"]
[BlackElo "2325"]

1.d4 Nf6 2.Nf3 e6 3.c4 Bb4+ 4.Bd2 c5 5.Bxb4 cxb4 6.a3 bxa3 7.Rxa3 O-O 8.Nc3 d6
9.e3 b6 10.Be2 Bb7 11.Qb1 a5 12.b4 axb4 13.Rxa8 Bxa8 14.Qxb4 Nc6 15.Qa3 d5
16.O-O dxc4 17.Bxc4 Ne7 18.Ne5 Nf5 19.Rb1 Ne4 20.Nxe4 Bxe4 21.Bd3 Bxd3 22.Qxd3 Nd6
23.Qa6 Nc8 24.Nc4 g6 25.Nxb6 Nxb6 26.Qxb6 Qxb6 27.Rxb6 Ra8 28.g4 Ra2 29.Rb5 Kg7
30.Kg2 Rc2 31.h3 Ra2 32.Kg3 Ra1 33.Kh2 Ra2 34.Kg2 Kf6 35.h4 Kg7 36.h5 Ra1
37.Re5 Ra2 38.Rc5 Rb2 39.Kg3 Rb1 40.Kf4 Rf1 41.f3 Rf2 42.Ra5 Rf1 43.Rb5 Rd1
44.Ra5 Rf1 45.hxg6 hxg6 46.g5 Rd1 47.Ra8 Rd2 48.Rc8 Rd3 49.Ke4 Ra3 50.Rd8 Ra5
51.Kf4 Ra1 52.e4 Ra4 53.Ke5 Ra3 54.d5 exd5 55.exd5 Rxf3 56.d6 Rg3 57.Kd5 Rxg5+
58.Kc6 Rg1 59.Rc8 Rc1+ 60.Kb7 Rb1+ 61.Kc7 Rc1+ 62.Kd8 Rd1 63.d7 g5 64.Ke7 Re1+
65.Kd6 Rd1+ 66.Kc6 Kf6 67.d8=Q+ Rxd8 68.Rxd8 Ke5 69.Rg8 Kf4 70.Kd6 g4 71.Ke7  1/2-1/2

[Event "Granma zt"]
[Site "Granma"]
[Date "1987.??.??"]
[Round "?"]
[White "Garcia Gonzales, Guillermo"]
[Black "Nogueiras, Jesus"]
[Result "1/2-1/2"]
[WhiteElo "2495"]
[BlackElo "2565"]

1.d4 Nf6 2.c4 e6 3.Nf3 Bb4+ 4.Bd2 Bxd2+ 5.Qxd2 O-O 6.Nc3 d5 7.e3 Qe7 8.Be2 dxc4
9.Bxc4 c5 10.O-O Nc6  1/2-1/2

[Event "Graz op"]
[Site "Graz"]
[Date "1987.??.??"]
[Round "2"]
[White "Gheorghiu, Florin"]
[Black "Hergott, Deen"]
[Result "1/2-1/2"]
[WhiteElo "2525"]
[BlackElo "2300"]

1.d4 e6 2.Nf3 Nf6 3.c4 Bb4+ 4.Bd2 Qe7 5.g3 Nc6 6.Nc3 O-O 7.Bg2 d5 8.cxd5 exd5
9.Bg5 Re8 10.e3 h6 11.Bxf6 Qxf6 12.h3 Bf5 13.Rc1 Be4 14.O-O Bxc3 15.Rxc3 a5
16.Qe2 Ra6 17.Rfc1 Rb6 18.b3 a4 19.bxa4 Ra8 20.Ne5 Nxe5 21.Bxe4 dxe4 22.dxe5 Qxe5
23.Rc5 Qb2 24.Qg4 c6 25.a5 Rxa5 26.Qc8+ Kh7 27.Qf5+ Kg8 28.Rxa5 Qxc1+ 29.Kg2 Ra6
30.Qc8+ Kh7 31.Re5 Qc4 32.Re7 Ra5 33.Qxb7 Rf5 34.Qb2 Rb5 35.Qd4 Qxd4 36.exd4 f5
37.g4 fxg4 38.hxg4 Ra5 39.Rxe4 Rxa2 40.Kf3 Ra3+ 41.Kf4 Ra2 42.f3 Ra3 43.Re6 Rc3
44.Ke4 Kg8 45.Re7 Rc1 46.Rc7 Kh7 47.Ke5 Re1+ 48.Kd6 Rd1 49.Ke5 Re1+ 50.Kf5 Rd1
51.Rd7 Rd2 52.f4 Rd1 53.Rd6 Rd2 54.g5 hxg5 55.fxg5 Rd1 56.Ke6 Kg6 57.Rxc6 Kxg5
58.d5 Kf4 59.d6 g5 60.d7 Rxd7 61.Kxd7 g4 62.Rc4+ Kf3 63.Ke6 g3 64.Rc3+ Kf2
65.Rc2+ Kf1 66.Kf5 g2  1/2-1/2

[Event "Hastings op8788"]
[Site "Hastings"]
[Date "1987.??.??"]
[Round "5"]
[White "Karolyi, Tibor Jr"]
[Black "Rossiter, Philip J"]
[Result "1-0"]
[WhiteElo "2420"]
[BlackElo "2210"]

1.d4 Nf6 2.c4 e6 3.Nf3 Bb4+ 4.Bd2 Qe7 5.Qc2 Nc6 6.e4 Bxd2+ 7.Nbxd2 d6 8.Rc1 O-O
9.Be2 e5 10.d5 Nb4 11.Qb1 a5 12.c5 Nh5 13.cxd6 cxd6 14.g3 f5 15.a3 Na6 16.Nh4 Nf4
17.Bxa6 bxa6 18.Nxf5 Bxf5 19.exf5 Nh3 20.Rf1 Rab8 21.f3 Rb5 22.Ne4 Rfb8 23.Rc2 Rb3
24.Qc1 Qd7 25.f6 R3b7 26.fxg7 Kxg7 27.Rc6 Kh8 28.Rxd6 Qe7 29.Re6 Qd7 30.Qc3 Qg7
31.Rc6 h6 32.Rc8+ Kh7 33.Rxb8 Rxb8 34.Ke2 Qb7 35.Rd1 Qxb2+ 36.Qxb2 Rxb2+
37.Rd2 Rb8 38.d6 Ng5 39.Nxg5+ hxg5 40.d7  1-0

[Event "POL-chT"]
[Site "Jachranka"]
[Date "1987.??.??"]
[Round "9"]
[White "Balicki, Cezary"]
[Black "Hanasz, Waldemar"]
[Result "1/2-1/2"]
[WhiteElo "2305"]
[BlackElo "2260"]

1.d4 Nf6 2.c4 e6 3.Nf3 Bb4+ 4.Bd2 Qe7 5.g3 Nc6 6.Nc3 d5 7.a3 Bxc3 8.Bxc3 Ne4
9.Qd3 O-O 10.Rc1 Nxc3 11.Rxc3 Na5 12.cxd5 exd5 13.Qb5 Nc4 14.Qxd5 Be6 15.Qe4 Nxb2
16.Bh3 Na4 17.Re3 Nb6 18.Bxe6 fxe6 19.O-O Nc4 20.Rc3 Nd6 21.Qg4 c6 22.Rfc1 Rad8
23.a4 Nf5 24.Rc5 Qf6 25.Re5 Nxd4 26.Nxd4 Qxf2+ 27.Kh1 Qxd4 28.Qxe6+ Kh8 29.a5 a6
30.Re4 Qd2 31.Rb1 h6 32.Kg2 Qxa5 33.Rxb7 Qe1 34.Rf4 Rxf4 35.gxf4 Qd2 36.Rxg7 Kxg7
37.Qe7+ Kg8 38.Qe6+ Kg7 39.Qe7+  1/2-1/2

[Event "URS-FL"]
[Site "Kursk"]
[Date "1987.??.??"]
[Round "?"]
[White "Vaulin, Alexander"]
[Black "Ulibin, Mikhail"]
[Result "1/2-1/2"]
[WhiteElo "2420"]
[BlackElo "2240"]

1.Nf3 Nf6 2.d4 e6 3.c4 Bb4+ 4.Bd2 Qe7 5.g3 Nc6 6.Bg2 Bxd2+ 7.Qxd2 Ne4 8.Qc2 Qb4+
9.Nc3 Nxc3 10.Qxc3 Qxc3+ 11.bxc3 b6 12.Ne5 Bb7 13.Nxc6 Bxc6 14.Bxc6 dxc6  1/2-1/2

[Event "London Peace"]
[Site "London"]
[Date "1987.??.??"]
[Round "?"]
[White "Martin, Andrew D"]
[Black "Braga, Fernando"]
[Result "1/2-1/2"]
[WhiteElo "2375"]
[BlackElo "2420"]

1.d4 Nf6 2.c4 e6 3.Nf3 Bb4+ 4.Bd2 c5 5.Bxb4 cxb4 6.a3 bxa3 7.Rxa3 O-O 8.Nc3 d5
9.e3 Nc6 10.c5 Qc7 11.Bb5 Bd7 12.O-O Rfb8 13.Qe2  1/2-1/2

[Event "Lloyds Bank op"]
[Site "London"]
[Date "1987.??.??"]
[Round "5"]
[White "Flear, Glenn C"]
[Black "Wilder, Michael"]
[Result "1/2-1/2"]
[WhiteElo "2480"]
[BlackElo "2505"]

1.d4 Nf6 2.c4 e6 3.Nf3 Bb4+ 4.Bd2 a5 5.g3 d6 6.Bg2 Nbd7 7.O-O e5 8.Bg5 exd4
9.Nxd4 h6 10.Bf4 O-O 11.a3 Bc5 12.b3 Ne5 13.Nc3 Ng6 14.Bc1 c6 15.Bb2 Re8
16.Rc1 Bg4 17.h3 Bd7 18.Rc2 Qc8 19.Kh2 h5 20.h4 Qd8 21.Kg1 Qc8 22.Kh2 Qd8
23.Kg1 Qc8  1/2-1/2

[Event "Marseille"]
[Site "Marseille"]
[Date "1987.??.??"]
[Round "?"]
[White "Murrey, Jacob"]
[Black "Hulak, Krunoslav"]
[Result "0-1"]
[WhiteElo "2505"]
[BlackElo "2495"]

1.d4 Nf6 2.c4 e6 3.Nf3 Bb4+ 4.Bd2 c5 5.Bxb4 cxb4 6.g3 b6 7.Bg2 Bb7 8.O-O O-O
9.Nbd2 d6 10.Qb3 a5 11.a3 Na6 12.Rfd1 Qe7 13.Ne1 Bxg2 14.Nxg2 Qb7 15.Ne3 Rab8
16.Qd3 Rfd8 17.f3 e5 18.Ne4 Nxe4 19.fxe4 f6 20.dxe5 Nc5 21.Qd5+ Qxd5 22.Nxd5 dxe5
23.axb4 axb4 24.Ra7 Ra8 25.Rda1 Rxa7 26.Rxa7 Nxe4 27.g4 Kf8 28.Kg2 b3 29.h4 h6
30.h5 Nc5 31.Kf3 b5 32.Nb6 bxc4 33.Nxc4 Rd4 34.Ne3 Rf4+ 35.Kg2 Ne6 36.Ra8+ Kf7
37.Ra7+ Kg8 38.Rb7 Nd4  0-1

[Event "Medellin"]
[Site "Medellin"]
[Date "1987.??.??"]
[Round "?"]
[White "Garcia Gonzales, Guillermo"]
[Black "Cuartas, Carlos"]
[Result "0-1"]
[WhiteElo "2495"]
[BlackElo "2355"]

1.d4 Nf6 2.c4 e6 3.Nf3 Bb4+ 4.Bd2 c5 5.g3 Qb6 6.Bg2 Nc6 7.d5 exd5 8.cxd5 Nxd5
9.O-O Nde7 10.Be3 d5 11.a3 d4 12.Bf4 Ba5 13.Nbd2 Bxd2 14.Nxd2 O-O 15.Qc2 Bg4
16.Rfe1 Rac8 17.Nc4 Qa6 18.Nd6 Rcd8 19.b4 cxb4 20.axb4 Qb6 21.b5 Nb4 22.Qb3 Rxd6
23.Qxb4 Rd7 24.h3 Be6 25.Red1 a6 26.Rdb1 axb5 27.Qxb5 Qxb5 28.Rxb5 Nd5 29.Bxd5 Bxd5
30.Rd1 Bc4 31.Rb4 b5 32.e3 d3 33.Be5 Ra8 34.Bd4 Ra2 35.Rb2 Rxb2 36.Bxb2 Bb3
37.Rd2 Bc2 38.e4 Ra7 39.f3 b4 40.Kf2 Ra2 41.Bd4 b3  0-1

[Event "New York op"]
[Site "New York"]
[Date "1987.??.??"]
[Round "?"]
[White "Zaltsman, Vitaly F"]
[Black "Djuric, Stefan"]
[Result "1/2-1/2"]
[WhiteElo "2430"]
[BlackElo "2465"]

1.d4 Nf6 2.c4 e6 3.Nf3 Bb4+ 4.Bd2 Bxd2+ 5.Qxd2 O-O 6.g3 d5 7.Bg2 c6 8.Qc2 dxc4
9.Qxc4 Nbd7 10.O-O Qe7 11.Nc3 e5 12.e3 exd4 13.exd4 Nb6 14.Qc5 Qd8 15.Ne5 Be6
16.Rfd1 Re8 17.Nd3 Nfd7 18.Qa5 Bg4 19.Re1 Qf6 20.Ne5 Nxe5 21.dxe5 Qe7 22.Ne4 Nc4
23.Qc3 Nxe5 24.Nc5 Qf6 25.Re3 Re7 26.Nxb7 Rae8 27.Nc5 h5 28.h3 Bc8 29.f4 Nd7
30.Qxf6 Nxf6 31.Rxe7 Rxe7 32.Rd1 Bf5 33.Kf2 g6 34.Rd6 Nd5 35.Rxc6 Ne3 36.Bf3 Bxh3
37.Nd3 Ng4+ 38.Bxg4 Bxg4 39.Ne5 Be6 40.Ra6 Rc7 41.Ke3 Kg7 42.Nf3 Re7 43.Kd4 f6
44.b4 Bg4 45.Nd2 Bf5 46.b5 Rd7+ 47.Ke3 Kh6 48.Nf3 Rd3+ 49.Kf2 Bg4 50.Nh4 Rd2+
51.Kg1 Rd1+ 52.Kf2 Rd2+ 53.Kg1 Rd1+ 54.Kf2 Rd2+ 55.Kg1 Rd1+ 56.Kf2  1/2-1/2

[Event "Pavlodar"]
[Site "Pavlodar"]
[Date "1987.??.??"]
[Round "?"]
[White "Novikov, Igor A"]
[Black "Ulibin, Mikhail"]
[Result "1/2-1/2"]
[WhiteElo "2455"]
[BlackElo "2240"]

1.d4 Nf6 2.c4 e6 3.Nf3 Bb4+ 4.Bd2 Bxd2+ 5.Qxd2 O-O 6.g3 b6 7.Bg2 Bb7 8.Nc3 Ne4
9.Qc2 Nxc3 10.Ng5 Qxg5 11.Bxb7 Nxe2 12.Qxe2 Nc6 13.Bxa8 Rxa8 14.Qd3 Qa5+
15.Kf1 d5 16.Kg2 Rd8 17.Rhd1 Nb4 18.Qa3 Qxa3 19.bxa3 Na6 20.Rac1 Kf8 21.Kf3 Ke7
22.Ke3 Rd6 23.Rd2 dxc4 24.Rxc4 b5 25.Rc1 c6 26.a4 Nb4 27.axb5 Nd5+ 28.Kf3 cxb5
29.Rc5 Rb6 30.Rb2 a6 31.Rc8 b4 32.Rb3 Rb5 33.a3 a5 34.Ra8 Nc3 35.Ra7+ Kf6
36.Kg2 Kg6 37.Kf1 h5 38.h4 Kf6 39.Ke1 Kg6 40.Kf1 Kf6 41.f3 g6 42.Kf2 Kg7
43.Ra8 Kf6 44.Rc8 Nd5 45.a4 Rb7 46.Ra8 Rc7 47.Rxa5 Rc2+ 48.Kf1 Ra2 49.Ra7 Kg7
50.a5 Kf6 51.a6 Kg7 52.Ke1 Kf6 53.Ra8 Nc7 54.Rc8 Nxa6 55.Ra8 Nc5 56.Rxa2 Nxb3
57.d5 exd5 58.Kf2 d4 59.Rc2 Ke5 60.Rc4 d3 61.Rxb4 d2 62.Ke2 Nd4+ 63.Kxd2 Nxf3+
64.Ke3 Nh2 65.Rb7 Ng4+ 66.Kf3 Kf6 67.Kf4 Kg7 68.Rb6  1/2-1/2

[Event "Pavlodar"]
[Site "Pavlodar"]
[Date "1987.??.??"]
[Round "?"]
[White "Sideif Sade, Fikret I"]
[Black "Makarichev, Sergey"]
[Result "1-0"]
[WhiteElo "2385"]
[BlackElo "2515"]

1.d4 Nf6 2.c4 e6 3.Nf3 Bb4+ 4.Bd2 a5 5.g3 O-O 6.Bg2 b6 7.O-O Ba6 8.Qc2 c5
9.Bg5 cxd4 10.Nxd4 Ra7 11.Nc3 Bxc3 12.Qxc3 h6 13.Bf4 d6 14.Nb5 Bxb5 15.cxb5 Qe7
16.Rfd1 d5 17.e4 Rd7 18.exd5 Nxd5 19.Bxd5 exd5 20.Qd4 Qd8 21.Re1 Rb7 22.Rad1 Re8
23.Re5 Rxe5 24.Qxe5 Qc8 25.Re1 Nd7 26.Qxd5 Nc5 27.Qc6 Qd7 28.Re8+ Kh7 29.Bd6 Nd3
30.Re3 Nb4 31.Bxb4 axb4 32.Qe4+ f5 33.Qxb4 Rc7 34.Re1 Rc2 35.a4 Qd5 36.h4 Qd3
37.h5 Rc4 38.Qf8 Qf3 39.Qf7 Rg4 40.Re8 Rxg3+ 41.fxg3 Qxg3+ 42.Kf1 Qd3+ 43.Re2 Qd1+
44.Kf2 Qd4+ 45.Ke1 Qb4+ 46.Kd1 Qxa4+ 47.Kc1 Qf4+ 48.Rd2  1-0

[Event "Philadelphia op"]
[Site "Philadelphia"]
[Date "1987.??.??"]
[Round "?"]
[White "Dlugy, Maxim"]
[Black "Delaune, Richard K"]
[Result "1-0"]
[WhiteElo "2520"]
[BlackElo "2380"]

1.d4 e6 2.c4 Nf6 3.Nf3 Bb4+ 4.Bd2 c5 5.Bxb4 cxb4 6.e3 b6 7.a3 bxa3 8.Rxa3 Nc6
9.Be2 O-O 10.O-O d6 11.Nc3 a5 12.Ne1 e5 13.Bf3 Bb7 14.Nc2 Re8 15.Qd2 Rc8
16.Rd1 Ba6 17.Bxc6 Rxc6 18.dxe5 Rxe5 19.b3 Bb7 20.f3 Qc7 21.Nd4 Rcc5 22.Ne4 d5
23.Nxc5 Rh5 24.Nxb7 Qxh2+ 25.Kf2 Qh4+ 26.Ke2 Qh2 27.Kd3 Rg5 28.g4 Qc7 29.c5 Qxb7
30.cxb6 Qa6+ 31.Kc2  1-0

[Event "Rubinstein mem"]
[Site "Polanica Zdroj"]
[Date "1987.??.??"]
[Round "?"]
[White "Tomaszewski, Roman"]
[Black "Popchev, Milko"]
[Result "1/2-1/2"]
[WhiteElo "2435"]
[BlackElo "2460"]

1.d4 Nf6 2.c4 e6 3.Nf3 Bb4+ 4.Bd2 Qe7 5.g3 O-O 6.Bg2 Bxd2+ 7.Qxd2 d6 8.Nc3 e5
9.O-O Re8 10.e4 a5 11.d5 Na6 12.Ne1 c6 13.Nd3 cxd5 14.cxd5 Bd7 15.Rfc1 Rec8
16.f3 Ne8 17.Qe3 Nc5 18.Bf1 Qd8  1/2-1/2

[Event "Rubinstein mem"]
[Site "Polanica Zdroj"]
[Date "1987.??.??"]
[Round "?"]
[White "Stempin, Pawel"]
[Black "Garcia Gonzales, Guillermo"]
[Result "1-0"]
[WhiteElo "2400"]
[BlackElo "2510"]

1.d4 Nf6 2.Nf3 e6 3.c4 Bb4+ 4.Bd2 a5 5.g3 b6 6.Bg2 Bb7 7.O-O O-O 8.Bg5 Be7
9.Qc2 Be4 10.Qd2 d5 11.Nc3 Nbd7 12.cxd5 exd5 13.Rfd1 Ne8 14.Bf4 Ndf6 15.Rac1 Nd6
16.Nxe4 Ndxe4 17.Qc2 c5 18.Ne5 Rc8 19.Bh3 Rc7 20.Nd3 Bd6 21.dxc5 bxc5 22.e3 c4
23.Bxd6 Qxd6 24.Nf4 Qe5 25.Bg2 Rc5 26.Rd4 g5 27.Ne2 Re8 28.Nc3 Nxc3 29.Qxc3 Qf5
30.Rcd1 h6 31.Qd2 Re5  1-0

[Event "Poznan"]
[Site "Poznan"]
[Date "1987.??.??"]
[Round "?"]
[White "Nowak, Ignacy"]
[Black "Hracek, Zbynek"]
[Result "1/2-1/2"]
[WhiteElo "2400"]
[BlackElo "2405"]

1.d4 Nf6 2.Nf3 e6 3.c4 Bb4+ 4.Bd2 c5 5.Bxb4 cxb4 6.a3 bxa3 7.Rxa3 b6 8.e3 Bb7
9.Be2 O-O 10.O-O d6 11.Nc3 a5 12.Ra1 Na6 13.Qb3 Nb4 14.Na2 Nxa2 15.Qxa2 Qc7
16.b3 Rfe8 17.Nd2 e5 18.Bf3 exd4 19.exd4 d5 20.Rfe1  1/2-1/2

[Event "Bohemians"]
[Site "Prague"]
[Date "1987.??.??"]
[Round "?"]
[White "Schmidt, Wlodzimierz"]
[Black "Trepp, Markus"]
[Result "1/2-1/2"]
[WhiteElo "2470"]
[BlackElo "2405"]

1.d4 Nf6 2.c4 e6 3.Nf3 Bb4+ 4.Bd2 c5 5.Bxb4 cxb4 6.a3 bxa3 7.Rxa3 O-O 8.Nc3 d6
9.e3 Nc6 10.Be2 Nb4 11.Qb1 b6 12.Na2 Nxa2 13.Qxa2 a6 14.O-O Bb7 15.b4 Nd7
16.Nd2 Rc8 17.Bf3 Bxf3 18.Nxf3 Nb8 19.Rc1 Qe7 20.Rac3 Rc7 21.h3 Rfc8 22.Qb3 Qe8
23.Ng5 Qe7 24.Ne4 e5 25.c5 dxc5 26.dxc5 bxc5 27.Nxc5 h6 28.Ra1 Nd7 29.Rxa6 Nxc5
30.bxc5 Rxc5 31.Qa3 Qc7  1/2-1/2

[Event "Bohemians"]
[Site "Prague"]
[Date "1987.??.??"]
[Round "?"]
[White "Cvitan, Ognjen"]
[Black "Robatsch, Karl"]
[Result "1/2-1/2"]
[WhiteElo "2500"]
[BlackElo "2400"]

1.d4 Nf6 2.c4 e6 3.Nf3 Bb4+ 4.Bd2 Qe7 5.g3 Bxd2+ 6.Qxd2 d5 7.Bg2 O-O 8.O-O Rd8
9.Qc2 Na6 10.Nbd2 c5 11.dxc5 Nxc5 12.Rac1 b6 13.b4 Nce4 14.Nxe4 dxe4 15.Ng5 Bb7
16.a3 a5 17.Nxe4 Nxe4 18.Bxe4 Bxe4 19.Qxe4 axb4 20.axb4 Qxb4 21.Rb1 Qd6 22.Rb5 Qc7
23.Rfb1 Ra4 24.Rxb6 Rxc4 25.Qf3  1/2-1/2

[Event "PRC-chT"]
[Site "?"]
[Date "1987.??.??"]
[Round "?"]
[White "Liang Jinrong"]
[Black "Ma Hongding"]
[Result "1/2-1/2"]
[WhiteElo "2405"]
[BlackElo "2280"]

1.d4 Nf6 2.c4 e6 3.Nf3 Bb4+ 4.Bd2 Qe7 5.g3 O-O 6.Bg2 Bxd2+ 7.Nbxd2 d6 8.O-O c5
9.Qc2 Nc6 10.e3 e5 11.d5 Nb4 12.Qb1 Nh5 13.a3 Na6 14.e4 Nc7 15.Qd3 Rb8 16.b4 b6
17.Rab1 Bd7 18.bxc5 bxc5 19.Qc3 Rxb1 20.Rxb1 Bc8 21.Qa5 Na6 22.Ne1 Nf6 23.Nd3 h5
24.f4 Ng4 25.Re1 h4 26.h3 Nf6 27.fxe5 dxe5 28.g4 Nd7 29.Nf3 g5 30.Bf1 f6
31.Nd2 Qd8 32.Qxd8 Rxd8 33.Nb3 Kf7 34.Rb1 Ke7 35.Na5 Ndb8 36.Be2 Kd6 37.Bd1 Kc7
38.Rb5 Rd6 39.Nxc5 Rb6 40.Nxa6+ Bxa6 41.Rb4 Kd6 42.Be2 Nd7 43.Kf2 Nc5 44.Ke3 Bc8
45.Rxb6+ axb6 46.Nc6 Bd7 47.Nb4 Ba4 48.Nd3 Nxd3 49.Kxd3 Kc5 50.Kc3 Bd7 51.Bf1 Ba4
52.Be2 Bd7 53.Bd3 Ba4 54.Be2 Be8 55.Bd1  1/2-1/2

[Event "Pucarevo zt"]
[Site "Pucarevo"]
[Date "1987.??.??"]
[Round "1"]
[White "Grivas, Efstratios"]
[Black "Kotronias, Vasilios"]
[Result "1/2-1/2"]
[WhiteElo "2375"]
[BlackElo "2440"]

1.d4 Nf6 2.c4 e6 3.Nf3 Bb4+ 4.Bd2 Qe7 5.g3 Nc6 6.Nc3 d5 7.cxd5 exd5 8.Bg5 Bf5
9.Bg2 Be4 10.O-O Bxc3 11.bxc3 O-O 12.Qa4 Rfe8 13.e3 Qe6 14.Bxf6 Qxf6 15.Nd2 Bxg2
16.Kxg2 Rab8 17.Rab1 Qf5 18.c4 Re6 19.cxd5 Qxd5+ 20.Kg1 Qd7 21.Rfc1 Rh6 22.Rc5 Qh3
23.Nf3 Qd7 24.Rbc1 Qg4 25.Ne5 Qh3  1/2-1/2

[Event "Pucarevo zt"]
[Site "Pucarevo"]
[Date "1987.??.??"]
[Round "4"]
[White "Skembris, Spyridon"]
[Black "Kotronias, Vasilios"]
[Result "1-0"]
[WhiteElo "2400"]
[BlackElo "2440"]

1.d4 Nf6 2.c4 e6 3.Nf3 Bb4+ 4.Bd2 Bxd2+ 5.Qxd2 O-O 6.Nc3 d5 7.e3 Qe7 8.Rc1 dxc4
9.Bxc4 c5 10.O-O Rd8 11.Qe2 cxd4 12.exd4 Nc6 13.Rcd1 a6 14.Rfe1 b5 15.d5 exd5
16.Nxd5 Nxd5 17.Rxd5 Bg4 18.Qxe7 Nxe7 19.Rxd8+ Rxd8 20.Bxf7+ Kxf7 21.Ne5+ Kf8
22.Nxg4 Rd2 23.Rb1 Nd5 24.a3 Nf4 25.Ne3 Ke7 26.Kf1 h5 27.Re1 Kd6 28.g3 Nd3
29.Rd1 Rxd1+ 30.Nxd1 Kd5 31.Ke2 Kd4 32.h4 Ne5 33.Ne3 Ke4 34.Nc2 a5 35.Ne3 Nf3
36.Nc2 g6 37.b3 Ng1+ 38.Kf1 Kd3 39.Kxg1 Kxc2 40.Kf1 Kxb3 41.f4 Kc3 42.Kf2 b4
43.axb4 axb4  1-0

[Event "FRA-ch"]
[Site "Rouen"]
[Date "1987.??.??"]
[Round "9"]
[White "Goldenberg, Richard"]
[Black "Villeneuve, Alain"]
[Result "1/2-1/2"]
[WhiteElo "2330"]
[BlackElo "2310"]

1.d4 Nf6 2.Nf3 e6 3.c4 Bb4+ 4.Bd2 a5 5.Nc3 O-O 6.e3 b6 7.Bd3 Bb7 8.Qc2 d5
9.cxd5 exd5 10.O-O Ba6 11.Rac1 Bxc3 12.Bxc3 Bxd3 13.Qxd3 Qd6 14.Ne5 Ne4 15.Rfd1 f6
16.Nf3 Rd8 17.Nd2 Nxd2 18.Bxd2 c6 19.Be1 Nd7 20.f3 Rac8  1/2-1/2

[Event "Tatran Cup"]
[Site "Stary Smokovec"]
[Date "1987.??.??"]
[Round "?"]
[White "Beil, Zdenek"]
[Black "Robatsch, Karl"]
[Result "1/2-1/2"]
[WhiteElo "2405"]
[BlackElo "2410"]

1.d4 Nf6 2.c4 e6 3.Nf3 Bb4+ 4.Bd2 Qe7 5.g3 Bxd2+ 6.Qxd2 O-O 7.Bg2 d5 8.O-O Rd8
9.Qc2 Na6 10.c5 Nb4 11.Qc1 Nc6 12.Qf4 Ne4 13.Nc3 Nxc3 14.bxc3 b6 15.cxb6 axb6
16.e4 dxe4 17.Qxe4 Bb7 18.Ne5 Na5 19.Qe3 Bxg2 20.Kxg2 Rd6 21.Rab1 Nc6 22.Nc4 Rd5
23.Qe2 Ra4 24.Rb2 Qe8 25.Ne3 Rda5 26.d5 Ne7 27.dxe6 Qc6+ 28.Kg1 Qxe6 29.c4 g6
30.Rd1 Nf5 31.Nxf5 Qxf5 32.Rb5 Rxb5 33.cxb5 Re4 34.Qb2 Qe5 35.Qxe5 Rxe5 36.Rc1  1/2-1/2

[Event "Stockholm"]
[Site "Stockholm"]
[Date "1987.??.??"]
[Round "?"]
[White "Liljedahl, Lennart"]
[Black "Kinnmark, Ove"]
[Result "1/2-1/2"]
[WhiteElo "2200"]
[BlackElo "2200"]

1.d4 Nf6 2.c4 e6 3.Nf3 Bb4+ 4.Bd2 Qe7 5.e3 O-O 6.Bxb4 Qxb4+ 7.Qd2 Qxd2+ 8.Nbxd2 b6
9.Bd3 Bb7 10.O-O d6 11.b4 Nbd7 12.e4 a5 13.a3 axb4 14.axb4 Rxa1 15.Rxa1 Ra8
16.Rxa8+ Bxa8  1/2-1/2

[Event "URS-FL"]
[Site "Sverdlovsk"]
[Date "1987.??.??"]
[Round "?"]
[White "Psakhis, Lev"]
[Black "Rashkovsky, Nukhim N"]
[Result "1/2-1/2"]
[WhiteElo "2575"]
[BlackElo "2495"]

1.d4 Nf6 2.c4 e6 3.Nf3 Bb4+ 4.Bd2 Bxd2+ 5.Qxd2 O-O 6.g3 b6 7.Bg2 Bb7 8.Nc3 Ne4
9.Qc2 Nxc3 10.Qxc3 d6 11.O-O Nd7 12.Rad1 Nf6 13.Ne1 Bxg2 14.Nxg2 Qe7 15.Rfe1 c5
16.e4 cxd4 17.Qxd4 Rfd8 18.Ne3 Qb7 19.f3 h6 20.Rd3 Ne8 21.Kg2 Rdc8 22.Red1 Rc5
23.b4 Rcc8 24.e5 dxe5 25.Qxe5 Nf6 26.a3 Qb8 27.Qxb8 Raxb8 28.f4 Kf8 29.Kf3 Ke7
30.g4 Rb7 31.Rc1 g6 32.Rd4 Rd7 33.Rxd7+ Kxd7 34.h4 h5 35.g5 Ne8 36.Ke4 Nd6+
37.Kd4  1/2-1/2

[Event "URS Army-ch"]
[Site "Tashkent"]
[Date "1987.??.??"]
[Round "?"]
[White "Krasenkow, Michal"]
[Black "Kalinitschew, Sergey"]
[Result "1/2-1/2"]
[WhiteElo "2420"]
[BlackElo "2415"]

1.d4 Nf6 2.c4 e6 3.Nf3 Bb4+ 4.Bd2 Qe7 5.g3 Nc6 6.a3 Bxd2+ 7.Qxd2 e5 8.d5 e4
9.Nh4 e3 10.fxe3 Ne5 11.Nf5 Nxc4 12.Qd4  1/2-1/2

[Event "Tashkent"]
[Site "Tashkent"]
[Date "1987.??.??"]
[Round "?"]
[White "Naumkin, Igor"]
[Black "Loginov, Valery A"]
[Result "1/2-1/2"]
[WhiteElo "2470"]
[BlackElo "2355"]

1.d4 Nf6 2.c4 e6 3.Nf3 Bb4+ 4.Bd2 Bxd2+ 5.Qxd2 d6 6.Nc3 Nbd7 7.g3 O-O 8.Bg2 e5
9.O-O Re8 10.e4 c6 11.Rad1 Qc7 12.Nh4 Nf8 13.h3 Ne6 14.d5 cxd5 15.exd5 Nf8
16.Nb5 Qb8 17.Qb4 Rd8 18.c5 Ne8 19.Rfe1 dxc5 20.Qxc5 a6 21.Nc3 Nd6 22.Nf3 f6
23.Nd2 Bf5 24.Qe3 Qc8 25.Na4 Qc2 26.Nb3 Nd7 27.g4 Bg6 28.Qg3 Qc4 29.Nc3 Qb4
30.Re2 Rac8 31.Nc1 Rc4 32.a3 Qb6 33.Red2 f5 34.gxf5 Nxf5 35.Qh2 Nh4 36.N1e2 Rf8
37.Ng3 Rcf4 38.Bh1 Nf3+ 39.Bxf3 Rxf3 40.d6 Kh8 41.Nd5 Qb3 42.Ne3 R3f4 43.Qg2 Rd4
44.Ne2 Rh4 45.Qg3 Rh5 46.Qg4 Qf7 47.Ng3 Rh6 48.Rc1 Bh5 49.Qf5 Bg6 50.Qg4 Bh5
51.Qf5 Bg6 52.Qxf7 Bxf7 53.Rc7 Be6 54.Rxb7 Bxh3 55.b4 Rg6 56.Nc4 Rd8 57.a4 h5
58.Kh2 Be6 59.Rxd7 Bxd7 60.Nxe5 Rf6 61.Ne4 Re6 62.Nf7+ Kg8 63.Nxd8 Rxe4 64.Nb7 Bxa4
65.Nc5 Rh4+ 66.Kg3 Rg4+ 67.Kh3 Bb5 68.d7 Bxd7 69.Rxd7 Rxb4 70.Nxa6 Rf4 71.Kg2 g5
72.Nc5 g4 73.Ne6 Rf6 74.Ng5 Rg6 75.Ne4 h4 76.Kg1 Re6 77.Rd4 Kg7 78.Ng5 Re1+
79.Kg2 g3 80.f4 Re2+ 81.Kf3 Rf2+ 82.Ke3 Rf1 83.Rd2 Kg6 84.Ke4 Ra1 85.Rd6+ Kh5
86.Nf7 Ra4+ 87.Kf5 Ra5+ 88.Ne5 g2 89.Rd8 Kh6 90.Rh8+  1/2-1/2

[Event "Tel Aviv"]
[Site "Tel Aviv"]
[Date "1987.??.??"]
[Round "?"]
[White "Alterman, Vladimir I"]
[Black "Shrentzel, Mordechai"]
[Result "1/2-1/2"]
[WhiteElo "2350"]
[BlackElo "2295"]

1.d4 Nf6 2.c4 e6 3.Nf3 Bb4+ 4.Bd2 Qe7 5.Nc3 d5 6.e3 O-O 7.Qc2 c5 8.a3 cxd4
9.exd4 Bd6 10.c5 Bc7 11.Nb5 e5 12.Nxc7 exd4+ 13.Be2 Qxc7 14.Nxd4 Nc6 15.Be3 Bg4
16.O-O Rae8 17.Bd3 Bd7 18.Nb5 Qe5 19.Qc1 Na5 20.Bf4 Nb3 21.Bxe5 Nxc1 22.Raxc1 Bxb5
23.Bxb5 Rxe5 24.Rfd1 Rd8 25.c6 bxc6 26.Rxc6 Kf8 27.Ra6 Re7 28.f3 Rb7 29.a4 Ne8
30.Bc6 Rxb2 31.Rxa7 Nf6 32.Bb5 h5 33.Bf1 h4 34.a5 Ra2 35.a6 g6 36.Rc1 Rd7
37.Ra8+ Kg7 38.Rb8 d4 39.Rb7 Rxb7 40.axb7 Rb2 41.Ba6 d3 42.Rc8 d2 43.Rd8 Ne8
44.Rxd2 Rb1+ 45.Kf2 Nc7 46.Bc4 Rxb7 47.Rd7 Rb2+ 48.Ke3 Ne8 49.Rxf7+ Kh6 50.Be2 Nd6
51.Rf4 Nf5+ 52.Kf2 Rd2 53.Re4 Kg7 54.g4 hxg3+ 55.hxg3 Kf6 56.g4 Nd6 57.Ra4 Nf7
58.Ra5 Rd6 59.Bc4 Ne5 60.Bd5 Rb6 61.Be4 Nf7 62.Ke3 Re6 63.Kf4 g5+ 64.Kg3 Re5
65.Ra3 Nd6 66.Bd3 Re3 67.Kf2 Re5 68.Ra6 Ke7 69.Ra7+ Kf6 70.Rh7 Re6 71.Bc2 Re5
72.Bb3 Rb5  1/2-1/2

[Event "Trnava"]
[Site "Trnava"]
[Date "1987.??.??"]
[Round "?"]
[White "Palatnik, Semon"]
[Black "Govedarica, Radovan"]
[Result "1/2-1/2"]
[WhiteElo "2445"]
[BlackElo "2425"]

1.d4 Nf6 2.Nf3 e6 3.c4 Bb4+ 4.Bd2 Bxd2+ 5.Qxd2 d5 6.e3 O-O 7.Nc3 Qe7 8.Rd1 dxc4
9.Bxc4 c5 10.O-O cxd4  1/2-1/2

[Event "Trnava"]
[Site "Trnava"]
[Date "1987.??.??"]
[Round "?"]
[White "Stohl, Igor"]
[Black "Lanc, Alois"]
[Result "0-1"]
[WhiteElo "2465"]
[BlackElo "2495"]

1.d4 Nf6 2.c4 e6 3.Nf3 Bb4+ 4.Bd2 c5 5.Bxb4 cxb4 6.Qb3 a5 7.a3 bxa3 8.bxa3 a4
9.Qb2 O-O 10.e3 d6 11.Nc3 Nc6 12.Be2 Bd7 13.O-O Na5 14.Nd2 Qe7 15.Rfc1 e5
16.d5 b6 17.Rab1 Nb7 18.Qxb6 Nc5 19.e4 g6 20.Qb2 Ne8 21.Qc2 f5 22.Rb4 Nf6
23.f3 Rf7 24.Rcb1 Qf8 25.exf5 Bxf5 26.Nce4 Bxe4 27.fxe4 Qh6 28.Nf1 Nfxe4
29.Bg4 Raf8 30.Be6 Nxe6 31.Qxe4 Nc5 32.Qe2 Qh4 33.Rb8 Rxb8 34.Rxb8+ Kg7 35.Ne3 Qd4
36.h3 Ne4 37.Kh2 Nc3 38.Qe1 h5 39.Rd8 h4 40.Rxd6 Qf4+ 41.Kg1 Rb7  0-1

[Event "Vrnjacka Banja"]
[Site "Vrnjacka Banja"]
[Date "1987.??.??"]
[Round "9"]
[White "Lukacs, Peter"]
[Black "Ristic, Nebojsa"]
[Result "1-0"]
[WhiteElo "2500"]
[BlackElo "2315"]

1.d4 Nf6 2.c4 e6 3.Nf3 Bb4+ 4.Bd2 a5 5.g3 d5 6.Qc2 Nc6 7.a3 Bd6 8.Bg2 h6
9.O-O Ne4 10.Nc3 Nxc3 11.Bxc3 O-O 12.Rad1 Nb8 13.Nd2 c6 14.e4 dxe4 15.Nxe4 Be7
16.Rfe1 Qc7 17.Bd2 Nd7 18.Bf4 Qb6 19.d5 cxd5 20.cxd5 exd5 21.Nc3 Bc5 22.Nxd5 Qg6
23.Qxg6 fxg6 24.b4 axb4 25.axb4 Rxf4 26.Nxf4 Bxb4 27.Re8+ Nf8 28.Bd5+ Kh7
29.Rc1  1-0